000 00460nam a2200205Ia 4500
005 20240823021709.0
008 240823s9999||||xx |||||||||||||| ||und||
020 _a0-07-462395-6
041 _aENGLISH
082 _A372.622 P5
100 _aSasikumar V
245 0 _aSpoken English
250 _a1st
260 _c2005
_bTMH New D
500 _aTransfered
650 _aSpeaking
_bEnglish
700 _a Dhamija P V
942 _cBK
999 _c177554
_d177554